Naenia In Luctuosissimum Et Praematurum Obitum, Viri Reverendi, Clarissimi, Aegidii Hunnii, Doctoris Theologi incomparabilis, Professoris in Academii VVitebergensi publici, Senioris, [et] Ecclesiae Christi in Saxonia superiore Superindentis primarij, [et] Consistorij Electoralis assessoris meritissimi [et]c. Praeceptoris defideratissimi, exoptatissimi, & aeternùm suspiciendi. Terrenam mortalis huius corporis sarcinam plená in Christum spe at[que] animosâ fiduciâ, inexplebili sui desiderio apud omnes bonos' relicto, quam beatißimè deponentis. Quam debitae pietatis, gratitudinis & boservantiae ergò, Iugentes ac moerentes discipuli ingeminabant.

Bibliographic Details
Main Author: Taubmann, Friedrich, 1565-1613 (Author, Dedicator)
Corporate Author: Müller, Georg starší (Wittenberg, Nemecko) (Printer)
Other Authors: Leyser, Polykarp 1552-1610 (Dedicator), Lucken, F. Johann (Dedicator), Velsten, Heinrich, 1580-1611 (Dedicator), Müller, Georg, starší, 16.-17. storočie (Printer)
Format: Book
Language:Latin
PhysicalDescription:A4, A5, A6[=6] l. 4°
Published: Witebergae, Typis Mullerianis, Anno 1603.
Subjects:

MARC

LEADER 00000nam a2200000 a 4500
001 vtls011549304
003 SK-MaSNL
005 20260302084621.0
008 251112s1603 gw 010 p lat
015 |a SNBHFA1603 
035 |a F8924769-4262-4ED0-B019-BD3B88897E28 
035 |a urn:nbn:sk:snk-amybrg 
035 |a urn:nbn:sk:snk-am00cegq 
040 |a SNKHF  |b slo  |c SDKK  |e AACR2 
041 0 |a lat 
044 |a gw  |c DE 
072 7 |a 09  |x Rukopisy, prvotlače, staré tlače. Vzácne a pozoruhodné diela  |2 konspekt 
080 |a 82‑1  |2 2011 
080 |a 82‑141  |2 2011 
080 |a 2‑145.3  |2 2011 
100 1 |a Taubmann, Friedrich,  |d 1565-1613  |4 aut  |9 50440 
245 1 0 |a Naenia In Luctuosissimum Et Praematurum Obitum, Viri Reverendi, Clarissimi, Aegidii Hunnii, Doctoris Theologi incomparabilis, Professoris in Academii VVitebergensi publici, Senioris, [et] Ecclesiae Christi in Saxonia superiore Superindentis primarij, [et] Consistorij Electoralis assessoris meritissimi [et]c.  |b Praeceptoris defideratissimi, exoptatissimi, & aeternùm suspiciendi. Terrenam mortalis huius corporis sarcinam plená in Christum spe at[que] animosâ fiduciâ, inexplebili sui desiderio apud omnes bonos' relicto, quam beatißimè deponentis. Quam debitae pietatis, gratitudinis & boservantiae ergò, Iugentes ac moerentes discipuli ingeminabant. 
260 |a Witebergae,  |b Typis Mullerianis,  |c Anno 1603. 
300 |a A4, A5, A6[=6] l.  |c 4° 
500 |a Signeta, vineta, iniciálka s ornamentálnym pozadím vo voľnom priestore na 3 r., titulný list v ornamentálno-figurálnom rámčeku a ostatný text v knihe je v ornamentálnom rámčeku. Strany nie sú číslované. 
501 |a Príväzok 1. k: HUTTER, Leonhard. Threnologia De vita, rebus gestis, & tristissimo simul ac beatissimo obitu Dn. Aegidii Hvnni. Witebergae: Sumptibus Clementis Bergeri, 1603.  |5 SNK IC 142674 
504 |a Kustódy. 
508 |a Ded.: Friedrich Tabmann, Polykarp Leyser, F. Johann Lucken, Heinrich Velsten; Aegidius Hunnius 
510 4 |a VD 17  |c 14:068422M 
546 |a Latinčina  |b Fraktúra  |b Kurzíva 
600 0 4 |a Hunnius, Aegidius,  |d 1550-1603  |2 SNKMA  |9 161248 
650 0 7 |a poézia  |2 SNKPH  |9 1274 
650 0 7 |a dedikácie  |2 SNKPH  |9 122398 
650 0 7 |a Boh a človek  |2 SNKPH  |9 1711 
655 7 |a básne  |2 SNKPH  |9 86731 
700 1 |a Taubmann, Friedrich,  |d 1565-1613  |4 dto  |9 50440 
700 1 |a Leyser, Polykarp  |d 1552-1610  |4 dto  |9 349780 
700 1 |a Lucken, F. Johann  |4 dto  |9 753999 
700 1 |a Velsten, Heinrich,  |d 1580-1611  |4 dto  |9 551088 
700 1 |a Müller, Georg,  |c starší,  |d 16.-17. storočie  |4 prt  |9 129350 
700 1 |a Hunnius, Aegidius,  |d 1550-1603  |4 hnr  |9 161248 
710 2 |a Lontovska knižnica (Lontov, Slovensko)  |4 fmo  |9 341279 
710 0 |a Müller, Georg starší (Wittenberg, Nemecko),  |d 1590-1624  |4 prt  |9 181900 
752 |a Nemecko  |d Wittenberg 
852 |a snk  |b Historické fondy  |p IC 142674/prví. 1. 
958 |a ONDV 
999 |c 1188621  |d 1190551 
952 |t AL 17489  |a SNK  |b SNK  |c SNK_HF  |y PREZ  |7 0  |p 17A1128660  |o snkIC 142674/prív.1  |i snk2016/11143  |8 5  |0 0  |1 0  |4 0  |d 2016-05-02  |f 1  |l 0  |r 2026-02-24 22:03:10  |w 2026-02-24